Tomáš G. Masaryk / Milan Machovec
Record details
- Physical Description: 261 s., [24] s. obr. příl. : il., portréty ; 21 cm
- Edition: 1. vyd.
- Publisher: Praha : Svobodné slovo, 1968
Content descriptions
| Bibliography, etc. Note: | Obsahuje bibliografické odkazy |
Search for related items by subject
| Subject: | Masaryk, Tomáš Garrigue, 1850-1937 filozofie dějin moderní společnost prezidenti > Československo politická filozofie |
| Genre: | studie |
Search for related items by series
Available copies
- 1 of 1 copy available at Common Catalog SPOK.
Holds
- 0 current holds with 1 total copy.
Other Formats and Editions
Show Only Available Copies
| Location | Call Number / Copy Notes | Barcode | Shelving Location | Status | Due Date |
|---|---|---|---|---|---|
| Hospic Dobrého Pastýře | HI
Tematická katagorie: Historie (HI) |
2045957006697 | Knihovna | Available | - |
Electronic resources
Version of Resource: Digitalizovaný dokument
| LDR | 01488nam a2200433 a 4500 | ||
|---|---|---|---|
| 001 | 28371 | ||
| 003 | CZ-PrJAB | ||
| 005 | 20181127162131.0 | ||
| 007 | tu | ||
| 008 | 020118s1968 xr acf e 000 0dcze | ||
| 015 | . | ‡acnb001036139 | |
| 020 | . | ‡q(Váz.) | |
| 035 | . | ‡a(CZ PrNK)cpk20021036139 | |
| 035 | . | ‡a(OCoLC)33895761 | |
| 040 | . | ‡aABA001 ‡bcze | |
| 043 | . | ‡ae-cs--- | |
| 045 | . | ‡aw5x3 | |
| 072 | 7. | ‡a32 ‡xPolitika ‡2Konspekt ‡915 | |
| 080 | . | ‡a32-051 ‡2MRF | |
| 080 | . | ‡a32:1 ‡2MRF | |
| 080 | . | ‡a930.1 ‡2MRF | |
| 080 | . | ‡a316.42"15/19" ‡2MRF | |
| 080 | . | ‡a(048.8) ‡2MRF | |
| 100 | 1 | . | ‡aMachovec, Milan, ‡d1925-2003 ‡7jk01073057 ‡4aut |
| 245 | 1 | 0. | ‡aTomáš G. Masaryk / ‡cMilan Machovec |
| 250 | . | ‡a1. vyd. | |
| 260 | . | ‡aPraha : ‡bSvobodné slovo, ‡c1968 | |
| 300 | . | ‡a261 s., [24] s. obr. příl. : ‡bil., portréty ; ‡c21 cm | |
| 490 | 1 | . | ‡aOdkazy pokrokových osobností naší minulosti ; ‡vsv. 24 |
| 504 | . | ‡aObsahuje bibliografické odkazy | |
| 600 | 1 | 7. | ‡aMasaryk, Tomáš Garrigue, ‡d1850-1937 ‡7jk01080472 ‡2czenas |
| 650 | 0 | 7. | ‡afilozofie dějin ‡7ph120224 ‡2czenas |
| 650 | 0 | 7. | ‡amoderní společnost ‡7ph122942 ‡2czenas |
| 650 | 0 | 7. | ‡aprezidenti ‡7ph124601 ‡zČeskoslovensko ‡2czenas |
| 650 | 0 | 7. | ‡apolitická filozofie ‡7ph115786 ‡2czenas |
| 655 | 7. | ‡astudie ‡7fd133597 ‡2czenas | |
| 830 | 0. | ‡aOdkazy pokrokových osobností naší minulosti (Svobodné slovo) | |
| 856 | 4 | 1. | ‡uhttp://kramerius4.nkp.cz/search/handle/uuid:af95cba0-7e9a-11e3-b80c-005056827e51 ‡yDigitalizovaný dokument |
| 910 | . | ‡aBNE702 | |
| 901 | . | ‡a28371 ‡b ‡c28371 ‡tbiblio | |